A debreceni hentesmesterség
Elmentve itt :
| Szerző: | |
|---|---|
| Dokumentumtípus: | Cikk |
| Sorozat: | Kolligátum
|
| Kulcsszavak: | Hentesmesterség - Magyarország - regionális ; Debrecen - honismeret |
| Online Access: | http://misc.bibl.u-szeged.hu/24508 |
| LEADER | 00562nab a2200157 i 4500 | ||
|---|---|---|---|
| 001 | misc24508 | ||
| 005 | 20191111110817.0 | ||
| 008 | 170803suuuu hu o 0|| zxx d | ||
| 040 | |a SZTE Miscellanea Repozitórium |b hun | ||
| 041 | |a zxx | ||
| 100 | 1 | |a Kocsár László | |
| 245 | 1 | 2 | |a A debreceni hentesmesterség |h [elektronikus dokumentum] / |c Kocsár László |
| 300 | |a 100-119 | ||
| 490 | 0 | |a Kolligátum | |
| 695 | |a Hentesmesterség - Magyarország - regionális ; Debrecen - honismeret | ||
| 856 | 4 | 0 | |u http://misc.bibl.u-szeged.hu/24508/1/011_018_100-119.pdf |z Dokumentum-elérés |